The complete works of Robert Burns by Alexander Smith
Colección completa de todas las obras escritas por Robert Burns, incluyendo notas, poemas, cartas, ensayos y demás trabajos. Los más llamativos son sus líricas que componen la mayor parte de la colección y las cuales son las más conocidas del escritor
Guardado en:
| Autor principal: | |
|---|---|
| Formato: | Libro |
| Lenguaje: | Undetermined |
| Publicado: |
New York, Estados Unidos
Thomas Y. Crowell & Co.
[s.f.]
|
| Materias: | |
| Etiquetas: |
Agregar Etiqueta
Sin Etiquetas, Sea el primero en etiquetar este registro!
|
MARC
| LEADER | 00000nam a2200000Ia 4500 | ||
|---|---|---|---|
| 008 | 170316s9999 xx 000 0 und d | ||
| 040 | |a cru BVZT | ||
| 090 | |a 820 B-30c | ||
| 100 | |a Burns, Robert | ||
| 245 | 4 | |a The complete works of Robert Burns by Alexander Smith | |
| 260 | |a New York, Estados Unidos | ||
| 260 | |b Thomas Y. Crowell & Co. | ||
| 260 | |c [s.f.] | ||
| 300 | |a 636 páginas | ||
| 520 | |a Colección completa de todas las obras escritas por Robert Burns, incluyendo notas, poemas, cartas, ensayos y demás trabajos. Los más llamativos son sus líricas que componen la mayor parte de la colección y las cuales son las más conocidas del escritor | ||
| 650 | |a LITERATURA INGLESA |9 12 | ||
| 999 | |c 6745 |d 6745 | ||
| 942 | |c 15 D |h 820 B-30c |2 z | ||
